Original Languages of Books - Statistics

General Stats
  • This quiz has been taken 16 times
    5 since last reset
  • The average score is 13 of 15
Answer Stats
Hint Answer % Correct
The Odyssey Ancient Greek
100%
The Qu'ran Arabic
100%
The Count of Monte Cristo French
100%
The Metamorphosis German
100%
Inferno Italian
100%
The Aenid Latin
100%
Crime and Punishment Russian
100%
One Hundred Years of Solitude Spanish
100%
Don Quixote Spanish
100%
The Girl With the Dragon Tattoo Swedish
100%
The Kama Sutra Sanskrit
80%
The Epic of Gilgamesh Sumerian
80%
The Stranger French
60%
Beowulf Old English
60%
No Longer Human Japanese
20%
No matching quizzes found
Score Distribution
Percent of People with Each Score
Percentile by Number Answered
Your Score History
You have not taken this quiz since the last reset